Human rights in the new world order / (Record no. 123769)

MARC details
000 -LEADER
fixed length control field 00791nam a22002537a 4500
003 - CONTROL NUMBER IDENTIFIER
control field dpl
005 - DATE AND TIME OF LATEST TRANSACTION
control field 20170124105930.0
008 - FIXED-LENGTH DATA ELEMENTS--GENERAL INFORMATION
fixed length control field 161005b xxu||||| |||| 00| 0 eng d
010 ## - LIBRARY OF CONGRESS CONTROL NUMBER
LC control number B-161606
020 ## - INTERNATIONAL STANDARD BOOK NUMBER
Terms of availability 00
International Standard Book Number 9788126119189
035 ## - SYSTEM CONTROL NUMBER
System control number B-161606
037 ## - SOURCE OF ACQUISITION
Source of stock number/acquisition Cen Lib/Ret
040 ## - CATALOGING SOURCE
Original cataloging agency DPL
Language of cataloging EN
Transcribing agency TIT
082 ## - DEWEY DECIMAL CLASSIFICATION NUMBER
Classification number 323
Item number SHA
100 ## - MAIN ENTRY--PERSONAL NAME
Personal name Shamsi, Nayyar
9 (RLIN) 7966
245 ## - TITLE STATEMENT
Title Human rights in the new world order /
Statement of responsibility, etc by Nayyar Shamsi
260 ## - PUBLICATION, DISTRIBUTION, ETC. (IMPRINT)
Place of publication, distribution, etc New Delhi
Name of publisher, distributor, etc Anmol Publications
Date of publication, distribution, etc 2004
270 ## - ADDRESS
Address 4374/4B, ansari road, dariya ganj
City New Delhi
Postal code 110002
300 ## - PHYSICAL DESCRIPTION
Extent vii, 437p.
Dimensions 22cm(Hb)
500 ## - GENERAL NOTE
General note Includes bibliographical references and index
650 ## - SUBJECT ADDED ENTRY--TOPICAL TERM
Topical term or geographic name as entry element Human rights
9 (RLIN) 8208
650 ## - SUBJECT ADDED ENTRY--TOPICAL TERM
Topical term or geographic name as entry element Universal phenomenon
9 (RLIN) 7968
942 ## - ADDED ENTRY ELEMENTS (KOHA)
Source of classification or shelving scheme Dewey Decimal Classification
Koha item type English Books
Classification part 323
Call number suffix SHA
Holdings
Withdrawn status Lost status Damaged status Not for loan Collection code Home library Current library Date acquired Source of acquisition Cost, normal purchase price Total Checkouts Full call number Barcode Date last seen Copy number Cost, replacement price Price effective from Koha item type
      Not For Loan Reference Central Library Central Library 12/06/2015 Cen Lib/Ret 0.00   323 SHA B-161606 12/06/2015 1 0.00 12/06/2015 English Books
      Not For Loan Reference Central Library Central Library 29/07/2015 Cen Lib/Ret 995.00   323 SHA B-161607 29/07/2015 1 995.00 15/09/2016 English Books

© Delhi Public Library
Hit Counter
free hit counter